Tính toán phân tích hệ thống điện /

Đã lưu trong:
Sonraí Bibleagrafaíochta
Príomhúdar: Đỗ Xuân Khôi
Formáid: Sách giấy
Teanga:Vietnamese
Foilsithe: H. : Khoa học Kỹ thuật, 2001
Eagrán:In lần thứ hai có sửa chữa và bổ sung
Clibeanna: Cuir Clib Leis
Gan Chlibeanna, Bí ar an gcéad duine leis an taifead seo a chlibeáil!
Thư viện lưu trữ: Thư viện Trường Đại học Đà Lạt
LEADER 00748nam a2200289 4500
001 DLU040029069
005 ##20040914
040 # # |a DLU  |b vie 
041 # # |a vie 
044 # # |a vn 
082 # # |a 621.319  |b DO-K 
100 # # |a Đỗ Xuân Khôi 
245 # # |a Tính toán phân tích hệ thống điện /  |c Đỗ Xuân Khôi 
250 # # |a In lần thứ hai có sửa chữa và bổ sung 
260 # # |a H. :  |b Khoa học Kỹ thuật,  |c 2001 
300 # # |a 220 tr. ;  |c 24 cm 
504 # # |a Tài liệu tham khảo :tr.217-220 
923 # # |a 21/2004 
992 # # |a 22.000 
994 # # |a DLU 
900 # # |a True 
911 # # |a Đào Thị Thu Huyền 
925 # # |a G 
926 # # |a A 
927 # # |a SH 
980 # # |a Thư viện Trường Đại học Đà Lạt